Províncias e Territórios do Canadá - Statistics

Estatísticas Gerais
  • Esse quiz foi jogado 3 491 vezes
  • A pontuação média é 8 de 13
Respostas no mapa
Respostas codificadas por cores de uma escala verde-vermelha no mapa do quiz de acordo com a % correta abaixo.
 
Estatísticas das Respostas
Província / Território % Correto
Quebec
90%
Ontário
74%
Alberta
67%
Colúmbia Britânica
67%
Terra Nova e Labrador
61%
Nova Escócia
56%
Manitoba
55%
Nunavut
55%
Yukon
54%
Ilha do Príncipe Eduardo
50%
Saskatchewan
49%
Territórios do Noroeste
48%
Nova Brunswick
38%
Nenhum quiz correspondente encontrado
Distribuição das Pontuações
Porcentagem de Pessoas com Cada Pontuação
Percentil de Números Respondidos
Sua Pontuação Histórica
Você não jogou esse quiz